000 00433nam a2200157Ia 4500
008 210716s1997 xx 000 0 und d
020 _a0070480257
041 _aeng
082 _a658.812 OLIR
100 _aOliver, Richard L.
245 _aSatisfaction: a behavioral perspective on consumes.
_bBehavioral perspective on consumes.
250 _a1
260 _aNew York
_bMcGraw Hill
_c1997
300 _axvi,432
650 _aNone
999 _c206271
_d206271